=LDR 00000nam 2200000 4500 =001 INLIS000000000013033 =005 20130612104505 =008 ***********************************Ind** =035 ##$$0010-061300000013033 =041 ##$$a Ind =082 ##$$a R.343.02 =090 ##$$a R.343.02, Ind p =260 ##$$a 2001 $b Jakarta =300 ##$$a 342 hlm, 21 cm =650 ##$$a Barang milik negara - Undang-undang dan peraturan =850 ##$$a NBPNMAT